000 00749cab a2200229 4500
001 WB3334-11
008 090401t1997 xxu||||| |||| 00| 0 eng d
035 _a(Sirsi) u80682
041 _aeng
245 _aWales economic blackspot
260 _c1997
350 _a0
490 _aWestern Mail
_v5 September 1997, 14(2)
520 _aSouth West Wales has some of the worst economic disadvantages in the UK, according to the South West Wales Economic Forum. Identifies opportunities for development. Map shows campaign for better transport links.
650 _aECONOMIC DEVELOPMENT
650 _aRECESSION
650 _aSOUTH WEST WALES
650 _aUNEMPLOYMENT
690 _aECONOMIC AND SOCIAL
942 _n0
948 _c05/09/1997
999 _c50793
_d50793